Searching for balance: Vietnamese NGOs operating in a state-led civil society (Record no. 60507)

000 -LEADER
fixed length control field 01815pab a2200193 454500
008 - FIXED-LENGTH DATA ELEMENTS--GENERAL INFORMATION
fixed length control field 180718b2004 xxu||||| |||| 00| 0 eng d
100 ## - MAIN ENTRY--PERSONAL NAME
Personal name Lux, Steven J.
245 ## - TITLE STATEMENT
Title Searching for balance: Vietnamese NGOs operating in a state-led civil society
260 ## - PUBLICATION, DISTRIBUTION, ETC.
Date of publication, distribution, etc. 2004
300 ## - PHYSICAL DESCRIPTION
Extent p.173-81.
362 ## - DATES OF PUBLICATION AND/OR SEQUENTIAL DESIGNATION
Dates of publication and/or sequential designation May
520 ## - SUMMARY, ETC.
Summary, etc. Scholars and practitioners have tried to draw the link between the emergence and growth of non-governmental organisations (NGOs) and civil society in developing and transitional societies. While the literature on the role of NGOs in development is extensive, there is very little attention to the evolution of NGOs in the few remaining communist countries, even though China and Vietnam also display the development of indigenous NGOs. Some of the major political and operational issues concerning and evolution of NGOs in developing countries, especially their relationship with the state and, more broadly, the evolution of civil society, are magnified in one-party states. This article describes deeper cultural forces that predate both the colonial and communist periods in Vietnam that shaped the evolutions of state-led civil society during the latter part of the 20th century. We argue that the cultural factors outlined are not necessarily appreciated by western donor models of NGOs in development, especially state-led formation of civil society. The article draws conclusions about the implications of our analysis for international donors who have an interest in facilitating the maturation of local NGOs in Vietnam. - Reproduced.
650 ## - SUBJECT ADDED ENTRY--TOPICAL TERM
Topical term or geographic name entry element Civil society - Vietnam
650 ## - SUBJECT ADDED ENTRY--TOPICAL TERM
Topical term or geographic name entry element Nongovernmental organizations - Vietnam
650 ## - SUBJECT ADDED ENTRY--TOPICAL TERM
Topical term or geographic name entry element Nongovernmental organizations
700 ## - ADDED ENTRY--PERSONAL NAME
Personal name Straussman, Jeffrey D.
773 ## - HOST ITEM ENTRY
Main entry heading Public Administration and Development
909 ## -
-- 60507
Holdings
Withdrawn status Lost status Damaged status Not for loan Permanent Location Current Location Date acquired Serial Enumeration / chronology Barcode Date last seen Price effective from Koha item type
        Indian Institute of Public Administration Indian Institute of Public Administration 2018-07-19 Volume no: 24, Issue no: 2 AR60953 2018-07-19 2018-07-19 Articles

Powered by Koha